Esh ba-sheleg (Record no. 32417)

MARC details
000 -LEADER
fixed length control field 00496cam a22001931 4500
001 - CONTROL NUMBER
control field he 67001112
003 - CONTROL NUMBER IDENTIFIER
control field DLC
005 - DATE AND TIME OF LATEST TRANSACTION
control field 20260227111447.0
008 - FIXED-LENGTH DATA ELEMENTS--GENERAL INFORMATION
fixed length control field 870515s1967 is 000 1 hebr
010 ## - LIBRARY OF CONGRESS CONTROL NUMBER
LC control number he 67001112
035 ## - SYSTEM CONTROL NUMBER
System control number (OCoLC)15695209
040 ## - CATALOGING SOURCE
Original cataloging agency DLC
Transcribing agency TxU
Modifying agency TxU
-- DLC
042 ## - AUTHENTICATION CODE
Authentication code premarc
050 00 - LIBRARY OF CONGRESS CALL NUMBER
Classification number PJ5054.T38
Item number E7
100 1# - MAIN ENTRY--PERSONAL NAME
Personal name Teicher, Eli,
Dates associated with a name 1939-
245 10 - TITLE STATEMENT
Title Esh ba-sheleg
Statement of responsibility, etc. [me-et] Eli Teikher.
260 ## - PUBLICATION, DISTRIBUTION, ETC.
Place of publication, distribution, etc. Tel-Aviv :
Name of publisher, distributor, etc. Alef,
Date of publication, distribution, etc. [1967] 727.
300 ## - PHYSICAL DESCRIPTION
Extent 227 p.
Dimensions 22 cm.

No items available.

Powered by Koha